Výběr ze zákonú ČSSR : pomocná kniha k občanské nauce na školách 2. cyklu /

Main Author: Průša, Ivan, 1940-2000
Other Authors: Podmele, Ladislav, 1920-2000
Language: Czech
Published: Praha : SPN, 1981
Edition: 6. vyd.
Series: Prameny a dokumenty k občanské nauce na školách 2. cyklu
Pomocné knihy pro žáky (Státní pedagogické nakladatelství)
Physical Description: 119, [7] s. ; 8°
Book
Saved in:
LEADER 01308nam a2200325 a 4500
001 000392625
003 CZ BrMZK
005 20120605081242.0
008 980107s1981 xr f cze d
015 |a cnb000398519 
035 |a (OCoLC)40081361 
040 |a BOA001  |c ze  |d BOA001 
080 |a 347(437) (094.4)  |2 MRF 
100 1 |a Průša, Ivan,  |d 1940-2000  |7 jk01101458  |4 com 
245 1 0 |a Výběr ze zákonú ČSSR :  |b pomocná kniha k občanské nauce na školách 2. cyklu /  |c výběr připravil Ivan Průša ; met. materiály zprac. Ladislav Podmele 
250 |a 6. vyd. 
260 |a Praha :  |b SPN,  |c 1981 
300 |a 119, [7] s. ;  |c 8° 
490 1 |a Prameny a dokumenty k občanské nauce na školách 2. cyklu 
490 1 |a Pomocné knihy pro žáky 
500 |a Obálka: Pavel Hrach 
500 |a Odkazy na lit. 
500 |a Slovníček cizích slov a pojmů 
700 1 |a Podmele, Ladislav,  |d 1920-2000  |7 ola2003188687  |4 com 
830 0 |a Prameny a dokumenty k občanské nauce na školách 2. cyklu  |0 s 
830 0 |a Pomocné knihy pro žáky (Státní pedagogické nakladatelství)  |0 s 
910 |a BOA001  |b PK-0071.132-81 
964 |a Zákoník občanský čs. - výběry 
990 |a BK 
996 7 |b 3119817112  |c PK-0071.132-81  |l MZK  |r Sklad / do 1 hodiny  |n 0  |w 000392625  |u 000010  |a 1  |e BOA001  |j MZK50  |s A